| 000 | 00357nam a2200133Ia 4500 | ||
|---|---|---|---|
| 008 | 190415s9999 xx 000 0 und d | ||
| 020 | _a81-7029-532-7 | ||
| 082 | _a005.43 DIE-M | ||
| 100 | _aDienes, Shell S. | ||
| 245 | 0 | _aMicrosoft office professional: instant reference | |
| 260 |
_aNew Delhi _bBPB Publications _c1995 |
||
| 300 | _axxv, 499 | ||
| 942 | _cBK | ||
| 999 |
_c1933 _d1933 |
||